[Event "Mislata op 50th"]
[Site "Mislata"]
[Date "2016.08.12"]
[Round "7"]
[White "Sanchez Barbado, Carlos"]
[Black "Romero Calduch, Sergio"]
[Result "1-0"]
[WhiteElo "2216"]
[BlackElo "2180"]
[PlyCount "73"]
[EventDate "2016.08.08"]
[EventType "swiss"]
[EventRounds "9"]
[EventCountry "ESP"]
[SourceTitle "CBM 173 Extra"]
[Source "ChessBase"]
[SourceDate "2016.08.29"]
[SourceVersion "1"]
[SourceVersionDate "2016.08.29"]
[SourceQuality "1"]

1. e4 e6 2. d4 d5 3. Nd2 Nf6 4. e5 Nfd7 5. Bd3 c5 6. c3 Nc6 7. Ngf3 g6 8. h4 h6 9. Bc2 b6 10. 0-0 Ba6 11. Re1 cxd4 12. cxd4 Nb4 13. Bb3 Rc8 14. Re3 Nd3 15. Nf1 Nxc1 16. Rxc1 Bg7 17. Rxc8 Qxc8 18. Rc3 Qb8 19. Ba4 b5 20. Bc2 b4 21. Re3 0-0 22. h5 g5 23. Qd2 Rc8 24. N1h2 Qc7 25. Ne1 Qb6 26. Ng4 f5 27. exf6 Nxf6 28. Nxf6+ Bxf6 29. Nf3 g4 30. Ne5 Bg5 31. Qd1 Bxe3 32. fxe3 Rc7 33. Qxg4+ Rg7 34. Bg6 Bc8 35. Qf4 Qd8 36. Ng4 Qe7 37. Nf6+ 1-0

[Event "Mislata op 50th"]
[Site "Mislata"]
[Date "2016.08.11"]
[Round "6"]
[White "Sanchez Barbado, Carlos"]
[Black "Carrasco Rodriguez, Jesus"]
[Result "1/2-1/2"]
[WhiteElo "2216"]
[BlackElo "2161"]
[PlyCount "102"]
[EventDate "2016.08.08"]
[EventType "swiss"]
[EventRounds "9"]
[EventCountry "ESP"]
[SourceTitle "CBM 173 Extra"]
[Source "ChessBase"]
[SourceDate "2016.08.29"]
[SourceVersion "1"]
[SourceVersionDate "2016.08.29"]
[SourceQuality "1"]

1. e4 Nf6 2. e5 Nd5 3. d4 d6 4. c4 Nb6 5. exd6 exd6 6. Nc3 Be7 7. Bd3 Nc6 8. Nge2 Bg4 9. f3 Bh5 10. 0-0 0-0 11. b3 Bg6 12. Bxg6 hxg6 13. Be3 Bg5 14. Qd2 Bxe3+ 15. Qxe3 Re8 16. Qd2 d5 17. c5 Nc8 18. Rfe1 N8e7 19. Nf4 g5 20. Nfxd5 Nxd5 21. Rxe8+ Qxe8 22. Nxd5 Qd8 23. Nc3 Qxd4+ 24. Qxd4 Nxd4 25. Rd1 Ne6 26. Rd7 Rc8 27. b4 Kf8 28. Ne4 Ke8 29. Rd5 f6 30. h4 gxh4 31. Rh5 Rd8 32. Rxh4 Rd4 33. g3 Kd7 34. Kf2 Kc6 35. a3 f5 36. Nc3 Rd3 37. Rc4 Ng5 38. b5+ Kd7 39. c6+ bxc6 40. bxc6+ Kd8 41. Nb5 Rxf3+ 42. Kg2 Rd3 43. Nxa7 Rxa3 44. Rd4+ Ke8 45. Nb5 Ra2+ 46. Kf1 Ne6 47. Rd7 Rc2 48. Nxc7+ Nxc7 49. Rxc7 Kd8 50. Rd7+ Ke8 51. Rxg7 Rxc6 1/2-1/2

[Event "La Vila Region-ch"]
[Site "La Vila"]
[Date "2015.11.07"]
[Round "5.2"]
[White "Lloret Climent, Miguel"]
[Black "Sanchez Barbado, Carlos"]
[Result "0-1"]
[WhiteElo "2002"]
[BlackElo "2137"]
[PlyCount "124"]
[EventDate "2015.10.03"]
[EventType "swiss"]
[EventRounds "7"]
[EventCountry "ESP"]
[SourceTitle "EXT 2024"]
[Source "ChessBase"]
[SourceDate "2023.10.10"]
[SourceVersion "1"]
[SourceVersionDate "2023.10.10"]
[SourceQuality "1"]

1. d4 e6 2. e4 d5 3. Nd2 Nf6 4. e5 Nfd7 5. Bd3 c5 6. c3 Nc6 7. Ne2 cxd4 8. cxd4 f6 9. exf6 Nxf6 10. 0-0 Bd6 11. Nf3 Qc7 12. Ng3 0-0 13. Re1 Bd7 14. Bg5 Rae8 15. Rc1 Qb8 16. Bb1 Re7 17. a3 Be8 18. Qd2 Kh8 19. Ne5 Nxe5 20. dxe5 Bxe5 21. Rxe5 Qxe5 22. Bf4 Ne4 23. Bxe5 Nxd2 24. Bd6 Ref7 25. Bxf8 Rxf8 26. Bd3 Bc6 27. Re1 Re8 28. f4 g6 29. Re3 Kg7 30. Kf2 Kf6 31. Ke2 Nc4 32. Bxc4 dxc4 33. Ne4+ Bxe4 34. Rxe4 Rc8 35. Kd2 Rc5 36. Kc2 b5 37. Kc3 Kf5 38. Re2 a5 39. Re3 Rd5 40. a4 bxa4 41. Kxc4 Rd2 42. g3 Rxb2 43. Re5+ Kf6 44. Rxa5 Rxh2 45. Rxa4 Rh3 46. Ra3 h5 47. Rd3 h4 48. gxh4 Rxh4 49. Rd4 Kf5 50. Rd8 Rxf4+ 51. Kd3 Kg4 52. Re8 Rf6 53. Ke4 g5 54. Rh8 Kg3 55. Ke3 g4 56. Rh7 Kg2 57. Ke2 g3 58. Rh4 Kg1 59. Rh3 g2 60. Rh8 Rf5 61. Rh7 Re5+ 62. Kf3 Kf1 0-1

[Event "Rutas de Cuenca op 2nd"]
[Site "Cuenca"]
[Date "2015.06.20"]
[Round "4"]
[White "Sanchez Barbado, Carlos"]
[Black "Soriano Pallas, Rafael"]
[Result "1-0"]
[WhiteElo "2153"]
[BlackElo "1913"]
[PlyCount "67"]
[EventDate "2015.06.19"]
[EventType "swiss"]
[EventRounds "7"]
[EventCountry "ESP"]
[SourceTitle "EXT 2019"]
[Source "ChessBase"]
[SourceDate "2018.10.10"]
[SourceVersion "1"]
[SourceVersionDate "2018.10.10"]
[SourceQuality "1"]

1. e4 c6 2. d4 d5 3. exd5 cxd5 4. Bd3 Nf6 5. c3 Bg4 6. Qb3 Qc8 7. Bf4 Nbd7 8. Nd2 e6 9. Ngf3 Be7 10. 0-0 0-0 11. Rae1 Re8 12. Qc2 g6 13. Ne5 Bf5 14. Bxf5 exf5 15. Bg5 Bf8 16. Nxd7 Nxd7 17. Nf3 Qc7 18. Qb3 Nb6 19. Bf6 Bd6 20. Be5 Rad8 21. Qb5 Kf8 22. Bg7+ Kxg7 23. Rxe8 Rxe8 24. Qxe8 Nd7 25. Re1 Nf6 26. Qb5 a6 27. Qb3 h6 28. h3 b5 29. Ne5 f4 30. a4 Qb7 31. axb5 axb5 32. Ra1 Ne4 33. Nf3 g5 34. Ra5 1-0

[Event "La Roda op 42nd"]
[Site "La Roda"]
[Date "2015.04.02"]
[Round "2"]
[White "Sanchez Barbado, Carlos"]
[Black "Martin Duque, Jesus"]
[Result "0-1"]
[WhiteElo "2162"]
[BlackElo "2364"]
[PlyCount "68"]
[EventDate "2015.04.01"]
[EventType "swiss"]
[EventRounds "9"]
[EventCountry "ESP"]
[SourceTitle "CBM 165 Extra"]
[Source "ChessBase"]
[SourceDate "2015.04.21"]
[SourceVersion "1"]
[SourceVersionDate "2015.04.21"]
[SourceQuality "1"]

1. e4 e6 2. d4 d5 3. Nd2 Be7 4. Ngf3 Nf6 5. e5 Nfd7 6. Bd3 c5 7. c3 Nc6 8. 0-0 a5 9. a4 cxd4 10. cxd4 Nb4 11. Nb1 Nxd3 12. Qxd3 0-0 13. Nc3 Nb8 14. Nb5 Nc6 15. Bd2 Bd7 16. Rac1 Qb6 17. h4 Nb4 18. Qe2 Rfc8 19. Bg5 Bf8 20. Be3 Rc6 21. Nd2 Rac8 22. Nc3 Qa6 23. Qxa6 bxa6 24. Nb3 Nd3 25. Rb1 Bb4 26. Na2 Rc2 27. Nxb4 axb4 28. Nc5 Nxc5 29. dxc5 Bxa4 30. Rfc1 Rxc1+ 31. Rxc1 f6 32. f4 h5 33. Bd2 a5 34. Kf2 d4 0-1

[Event "Provincial-ch Xixona"]
[Site "Xixona"]
[Date "2014.11.08"]
[Round "5.4"]
[White "Sanchez Barbado, Carlos"]
[Black "Del Valle Domenech, Rafael"]
[Result "1-0"]
[WhiteElo "2197"]
[BlackElo "2013"]
[PlyCount "40"]
[EventDate "2014.09.27"]
[EventType "swiss"]
[EventRounds "7"]
[EventCountry "ESP"]
[SourceTitle "EXT 2024"]
[Source "ChessBase"]
[SourceDate "2023.10.10"]
[SourceVersion "1"]
[SourceVersionDate "2023.10.10"]
[SourceQuality "1"]

1. e4 Nf6 2. e5 Nd5 3. d4 d6 4. c4 Nb6 5. exd6 cxd6 6. Nc3 g6 7. Be3 Bg7 8. Rc1 0-0 9. b3 Nc6 10. d5 Ne5 11. Be2 h5 12. Nf3 e6 13. dxe6 Bxe6 14. 0-0 Ng4 15. Bg5 f6 16. Bf4 d5 17. c5 Nd7 18. Nd4 Bf7 19. Rc2 f5 20. c6 Nc5 1-0

[Event "ESP-ch 79th"]
[Site "Linares"]
[Date "2014.09.01"]
[Round "8"]
[White "Pablos Tenrero, Raquel"]
[Black "Sanchez Barbado, Carlos"]
[Result "1/2-1/2"]
[WhiteElo "1965"]
[BlackElo "2249"]
[PlyCount "77"]
[EventDate "2014.08.25"]
[EventType "swiss"]
[EventRounds "9"]
[EventCountry "ESP"]
[SourceTitle "CBM 162 Extra"]
[Source "ChessBase"]
[SourceDate "2014.10.17"]
[SourceVersion "1"]
[SourceVersionDate "2014.10.17"]
[SourceQuality "1"]

1. e4 c5 2. Nf3 e6 3. d4 cxd4 4. Nxd4 Nf6 5. Nc3 Nc6 6. Ndb5 Bb4 7. a3 Bxc3+ 8. Nxc3 d5 9. exd5 exd5 10. Bd3 d4 11. Qe2+ Ne7 12. Ne4 Nxe4 13. Qxe4 Bf5 14. Qxb7 Qa5+ 15. Bd2 Qe5+ 16. Kf1 Rb8 17. Qf3 Bxd3+ 18. Qxd3 0-0 19. Re1 Qc7 20. Bb4 Rfe8 21. Qe4 Qc4+ 22. Kg1 f5 23. Qe2 Qxe2 24. Rxe2 Nd5 25. Kf1 Nxb4 26. axb4 Rec8 27. g3 Rxb4 28. b3 d3 29. cxd3 Rxb3 30. Ra2 f4 31. gxf4 Rc6 32. Ke2 Re6+ 33. Kd2 Rd6 34. Rxa7 Rbxd3+ 35. Ke2 Rd2+ 36. Kf3 R2d3+ 37. Ke2 Rd2+ 38. Kf3 R2d3+ 39. Ke4 1/2-1/2

[Event "Mislata op-A 48th"]
[Site "Mislata"]
[Date "2014.08.13"]
[Round "4"]
[White "Sanchez Barbado, Carlos"]
[Black "Lopez Mulet, Inigo"]
[Result "0-1"]
[WhiteElo "2249"]
[BlackElo "2193"]
[PlyCount "56"]
[EventDate "2014.08.11"]
[EventType "swiss"]
[EventRounds "9"]
[EventCountry "ESP"]
[SourceTitle "CBM 161 Extra"]
[Source "ChessBase"]
[SourceDate "2014.08.29"]
[SourceVersion "1"]
[SourceVersionDate "2014.08.29"]
[SourceQuality "1"]

1. e4 e6 2. d4 d5 3. Nd2 Be7 4. Ngf3 Nf6 5. e5 Nfd7 6. Bd3 c5 7. c3 Nc6 8. 0-0 g5 9. dxc5 g4 10. Nd4 Ndxe5 11. Bb5 Bd7 12. b4 h5 13. f4 Nxd4 14. Bxd7+ Qxd7 15. fxe5 Nc6 16. Qe2 a5 17. Ba3 axb4 18. Bxb4 Qc7 19. Rfe1 Bg5 20. h3 Nxe5 21. c4 Bxd2 22. Qxd2 Rg8 23. cxd5 gxh3 24. Qf4 Nf3+ 25. Qxf3 Rxg2+ 26. Kf1 Qh2 27. Rxe6+ Kf8 28. c6+ Kg8 0-1

[Event "Mislata op-A 48th"]
[Site "Mislata"]
[Date "2014.08.12"]
[Round "3"]
[White "Jordan Arenas, Manuel"]
[Black "Sanchez Barbado, Carlos"]
[Result "1-0"]
[WhiteElo "2148"]
[BlackElo "2249"]
[PlyCount "75"]
[EventDate "2014.08.11"]
[EventType "swiss"]
[EventRounds "9"]
[EventCountry "ESP"]
[SourceTitle "CBM 161 Extra"]
[Source "ChessBase"]
[SourceDate "2014.08.29"]
[SourceVersion "1"]
[SourceVersionDate "2014.08.29"]
[SourceQuality "1"]

1. d4 f5 2. Nf3 e6 3. Bf4 Nf6 4. e3 b6 5. Be2 Bb7 6. 0-0 Be7 7. c4 0-0 8. Nc3 Ne4 9. Nxe4 fxe4 10. Nd2 d5 11. Bg4 Rf6 12. b4 Nd7 13. Qb3 Kh8 14. Rfc1 c6 15. f3 exf3 16. Nxf3 Qf8 17. cxd5 cxd5 18. Rc7 Bc8 19. Bxe6 Nc5 20. bxc5 Bxe6 21. cxb6 axb6 22. Rac1 h6 23. Rb7 Bd8 24. Ne5 Bc8 25. Nd7 Qe7 26. Nxf6 Bxb7 27. Ng4 Ra3 28. Qc2 Qe4 29. Qf2 Kh7 30. h3 h5 31. Ne5 Ra8 32. Nf7 Be7 33. Rc7 Bc8 34. Be5 Bh4 35. Ng5+ Bxg5 36. Rxg7+ Kh6 37. Rxg5 Qb1+ 38. Kh2 1-0

[Event "Provincial-ch Elche"]
[Site "Elche"]
[Date "2013.11.23"]
[Round "7.1"]
[White "Sanchez Barbado, Carlos"]
[Black "Navarro Lopez Menchero, Daniel"]
[Result "1-0"]
[WhiteElo "2154"]
[BlackElo "2293"]
[PlyCount "73"]
[EventDate "2013.10.05"]
[EventType "swiss"]
[EventRounds "7"]
[EventCountry "ESP"]
[SourceTitle "EXT 2024"]
[Source "ChessBase"]
[SourceDate "2023.10.10"]
[SourceVersion "1"]
[SourceVersionDate "2023.10.10"]
[SourceQuality "1"]

1. e4 c5 2. Nc3 Nc6 3. f4 e6 4. Nf3 d5 5. d3 Nf6 6. e5 Nd7 7. g3 a6 8. Bg2 Be7 9. 0-0 0-0 10. Bd2 b5 11. Ne2 Qc7 12. g4 Bb7 13. Ng3 f6 14. exf6 Nxf6 15. Qe2 Bc8 16. g5 Ne8 17. Bh3 Qd6 18. Rae1 Nc7 19. c3 Rb8 20. Ne5 Nxe5 21. fxe5 Qd8 22. Qg4 Qe8 23. Rxf8+ Bxf8 24. Nh5 c4 25. Rf1 Bd7 26. d4 b4 27. Nf4 bxc3 28. Bxc3 Bb4 29. g6 Bxc3 30. gxh7+ Kxh7 31. bxc3 Rb2 32. Rf3 Rxa2 33. Bf1 Ba4 34. Rh3+ Kg8 35. Ng6 Kf7 36. Rf3+ Kg8 37. Qh5 1-0

[Event "Provincial-ch Elche"]
[Site "Elche"]
[Date "2013.10.26"]
[Round "3.1"]
[White "Sanchez Dengra, Barbara"]
[Black "Sanchez Barbado, Carlos"]
[Result "0-1"]
[WhiteElo "1905"]
[BlackElo "2154"]
[PlyCount "98"]
[EventDate "2013.10.05"]
[EventType "swiss"]
[EventRounds "7"]
[EventCountry "ESP"]
[SourceTitle "EXT 2024"]
[Source "ChessBase"]
[SourceDate "2023.10.10"]
[SourceVersion "1"]
[SourceVersionDate "2023.10.10"]
[SourceQuality "1"]

1. e4 c5 2. Nf3 e6 3. d4 cxd4 4. Nxd4 Nf6 5. Nc3 Nc6 6. a3 d5 7. exd5 Nxd5 8. Nxd5 Qxd5 9. Be3 Bc5 10. Nxc6 Qxc6 11. Bxc5 Qxc5 12. Bd3 0-0 13. 0-0 e5 14. Re1 Be6 15. Qe2 f6 16. Qe4 g6 17. Re3 Rf7 18. Rae1 Rd8 19. Qh4 Kg7 20. Re4 b5 21. a4 Bf5 22. R4e3 Rd4 23. Qg3 Bxd3 24. Rxd3 Qxc2 25. Rde3 Rxa4 26. b3 Rf4 27. h4 Qf5 28. f3 Rd4 29. Qf2 Rfd7 30. Qe2 a6 31. Qa2 Qe6 32. Re4 Rxe4 33. Rxe4 Rd1+ 34. Kh2 Rd4 35. Qa5 Rxe4 36. fxe4 Qxb3 37. Qxa6 Qc4 38. Qb7+ Kh6 39. Kh3 Qe6+ 40. g4 Qb3+ 41. Kg2 Qc2+ 42. Kf3 Qd1+ 43. Kg3 Qe1+ 44. Kh3 Qf1+ 45. Kg3 Qf4+ 46. Kh3 Qf3+ 47. Kh2 Qxg4 48. Qxb5 Qxh4+ 49. Kg1 Qxe4 0-1

[Event "Provincial-ch Elche"]
[Site "Elche"]
[Date "2013.10.19"]
[Round "2.3"]
[White "Sanchez Barbado, Carlos"]
[Black "Tonus, Alex"]
[Result "1-0"]
[WhiteElo "2154"]
[BlackElo "1949"]
[PlyCount "75"]
[EventDate "2013.10.05"]
[EventType "swiss"]
[EventRounds "7"]
[EventCountry "ESP"]
[SourceTitle "EXT 2024"]
[Source "ChessBase"]
[SourceDate "2023.10.10"]
[SourceVersion "1"]
[SourceVersionDate "2023.10.10"]
[SourceQuality "1"]

1. e4 Nf6 2. e5 Nd5 3. d4 d6 4. c4 Nb6 5. exd6 cxd6 6. Nc3 g6 7. Be3 Bg7 8. Rc1 0-0 9. b3 Nc6 10. d5 Ne5 11. Be2 h5 12. f4 Ng4 13. Bd4 e5 14. dxe6 Bxe6 15. Bxg7 Kxg7 16. Qd4+ Qf6 17. Nf3 Rfe8 18. h3 Qxd4 19. Nxd4 Ne3 20. Kf2 Bd7 21. Bf3 Re7 22. Bxb7 Rb8 23. Bf3 Nf5 24. Nxf5+ Bxf5 25. Rhd1 Nc8 26. Rd4 h4 27. Bg4 Bxg4 28. hxg4 Re6 29. Rcd1 f5 30. g5 Rb6 31. Rh1 Ne7 32. Rxh4 Nc6 33. Rd1 Nb4 34. Rh3 Ra6 35. Rdh1 Re8 36. Rh7+ Kf8 37. Rh8+ Ke7 38. Rxe8+ 1-0

[Event "Almansa op-A"]
[Site "Almansa"]
[Date "2013.08.08"]
[Round "4.4"]
[White "Jimenez Martinez, Jose Vicente"]
[Black "Sanchez Barbado, Carlos"]
[Result "1/2-1/2"]
[WhiteElo "2238"]
[BlackElo "2166"]
[PlyCount "88"]
[EventDate "2013.08.06"]
[EventType "swiss"]
[EventRounds "9"]
[EventCountry "ESP"]
[SourceTitle "EXT 2024"]
[Source "ChessBase"]
[SourceDate "2023.10.10"]
[SourceVersion "1"]
[SourceVersionDate "2023.10.10"]
[SourceQuality "1"]

1. d4 f5 2. c4 e6 3. Nf3 Nf6 4. Nc3 Bb4 5. Bd2 0-0 6. e3 b6 7. Be2 Bb7 8. 0-0 d6 9. b3 c5 10. a3 Ba5 11. Qc2 Qe7 12. Rab1 Na6 13. Bc1 Bxc3 14. Qxc3 Ne4 15. Qc2 Rf6 16. g3 Rh6 17. Ne1 Ng5 18. f3 Nh3+ 19. Kg2 g5 20. Qc3 Qf7 21. Bb2 cxd4 22. exd4 Qh5 23. Rh1 Rf8 24. c5 Nc7 25. d5 e5 26. cxd6 Nxd5 27. Qxe5 Nf6 28. Bc4+ Kh8 29. Qe7 Qe8 30. Qxb7 Qe3 31. Bxf6+ Rhxf6 32. Rb2 Rxd6 33. Re2 Rd2 34. Rxd2 Qxd2+ 35. Kxh3 g4+ 36. fxg4 Qh6+ 37. Kg2 Qd2+ 38. Kf3 Qd1+ 39. Kg2 Qd2+ 40. Kf3 Qd1+ 41. Kg2 Qd2+ 42. Kh3 Qh6+ 43. Kg2 Qd2+ 44. Kf3 Qd1+ 1/2-1/2

[Event "Almansa op-A"]
[Site "Almansa"]
[Date "2013.08.08"]
[Round "5.6"]
[White "Sanchez Barbado, Carlos"]
[Black "Remolar Gallen, Jose"]
[Result "0-1"]
[WhiteElo "2166"]
[BlackElo "2209"]
[PlyCount "100"]
[EventDate "2013.08.06"]
[EventType "swiss"]
[EventRounds "9"]
[EventCountry "ESP"]
[SourceTitle "EXT 2024"]
[Source "ChessBase"]
[SourceDate "2023.10.10"]
[SourceVersion "1"]
[SourceVersionDate "2023.10.10"]
[SourceQuality "1"]

1. e4 c5 2. Nc3 Nc6 3. g3 g6 4. Bg2 Bg7 5. d3 d6 6. Be3 Nf6 7. h3 0-0 8. Qd2 Nd4 9. Nce2 Ne8 10. c3 Nc6 11. Bh6 Rb8 12. Nf3 b5 13. Bxg7 Kxg7 14. 0-0 Nf6 15. Qe3 b4 16. Rfd1 Ba6 17. Bf1 Qa5 18. c4 e5 19. g4 Bc8 20. Ng3 Qd8 21. Be2 Ne8 22. Kh2 Nc7 23. Rg1 Kh8 24. Bd1 Ne6 25. Ne2 Ncd4 26. Nfxd4 cxd4 27. Qh6 Qf6 28. Rf1 Bd7 29. Bc2 a5 30. f4 Qg7 31. Qxg7+ Kxg7 32. f5 Nc5 33. Rf3 a4 34. Bd1 h5 35. Ng1 hxg4 36. hxg4 gxf5 37. gxf5 Kf6 38. Be2 a3 39. b3 Rh8+ 40. Rh3 Bc6 41. Rd1 Kg5 42. Rxh8 Rxh8+ 43. Nh3+ Rxh3+ 44. Kxh3 Kf4 45. Kh4 Ke3 46. Bf1 Nxb3 47. axb3 Ba4 48. Rb1 Bxb3 49. Rxb3 a2 50. Rxb4 a1Q 0-1

[Event "Benidorm op U2300 10th"]
[Site "Benidorm"]
[Date "2011.12.05"]
[Round "4"]
[White "Sanchez Barbado, Carlos"]
[Black "Martin Martin, Luis Vicente"]
[Result "1-0"]
[WhiteElo "2180"]
[BlackElo "2059"]
[PlyCount "33"]
[EventDate "2011.12.02"]
[EventType "swiss"]
[EventRounds "10"]
[EventCountry "ESP"]
[SourceTitle "CBM 145 Extra"]
[Source "ChessBase"]
[SourceDate "2012.01.03"]
[SourceVersion "1"]
[SourceVersionDate "2012.01.03"]
[SourceQuality "1"]

1. e4 d5 2. exd5 Qxd5 3. Nc3 Qa5 4. d4 c6 5. Bc4 Bf5 6. Bd2 e6 7. Qe2 Nd7 8. g4 Bg6 9. d5 cxd5 10. Nxd5 Qd8 11. Nf4 Ngf6 12. 0-0-0 Be4 13. f3 Bc6 14. Ngh3 Be7 15. Nxe6 fxe6 16. Qxe6 Rf8 17. Bb4 1-0

[Event "Benidorm op U2300 10th"]
[Site "Benidorm"]
[Date "2011.12.04"]
[Round "3"]
[White "Acero Solis, Alberto"]
[Black "Sanchez Barbado, Carlos"]
[Result "1/2-1/2"]
[WhiteElo "1931"]
[BlackElo "2180"]
[PlyCount "23"]
[EventDate "2011.12.02"]
[EventType "swiss"]
[EventRounds "10"]
[EventCountry "ESP"]
[SourceTitle "CBM 145 Extra"]
[Source "ChessBase"]
[SourceDate "2012.01.03"]
[SourceVersion "1"]
[SourceVersionDate "2012.01.03"]
[SourceQuality "1"]

1. f4 d5 2. Nf3 Nf6 3. e3 e6 4. b3 Be7 5. Bb2 c5 6. Bb5+ Nbd7 7. 0-0 0-0 8. Qe2 Qb6 9. a4 a6 10. Bxd7 Bxd7 11. Ne5 Bc6 12. d3 1/2-1/2